200 Largest Cities in the United States - Statistics

General Stats
  • This quiz has been taken 58 times
  • The average score is 120 of 200
Answer Stats
Rank Population City % Correct
44 442,241 Miami, FL
100%
3 2,746,388 Chicago, IL
97%
4 2,304,580 Houston, TX
97%
2 3,898,747 Los Angeles, CA
97%
1 8,804,190 New York, NY
97%
17 873,965 San Francisco, CA
97%
24 675,647 Boston, MA
95%
9 1,304,379 Dallas, TX
95%
19 715,522 Denver, CO
95%
18 737,015 Seattle, WA
95%
38 498,715 Atlanta, GA
92%
11 961,855 Austin, TX
92%
26 641,903 Las Vegas, NV
92%
22 681,054 Oklahoma City, OK
92%
6 1,603,797 Philadelphia, PA
92%
8 1,386,932 San Diego, CA
92%
27 639,111 Detroit, MI
90%
15 887,642 Indianapolis, IN
90%
31 577,222 Milwaukee, WI
90%
21 689,447 Nashville, TN
90%
67 307,573 Orlando, FL
90%
5 1,608,139 Phoenix, AZ
90%
122 199,723 Salt Lake City, UT
90%
7 1,434,625 San Antonio, TX
90%
52 384,959 Tampa, FL
90%
76 278,349 Buffalo, NY
87%
170 153,701 Jackson, MS
87%
12 949,611 Jacksonville, FL
87%
166 156,607 Kansas City, KS
87%
36 508,090 Kansas City, MO
87%
28 633,104 Memphis, TN
87%
46 429,954 Minneapolis, MN
87%
53 383,997 New Orleans, LA
87%
25 652,503 Portland, OR
87%
41 467,665 Raleigh, NC
87%
20 689,545 Washington D.C.
87%
99 227,470 Baton Rouge, LA
85%
65 309,317 Cincinnati, OH
85%
112 206,922 Columbus, GA
85%
14 905,748 Columbus, OH
85%
13 918,915 Fort Worth, TX
85%
55 350,964 Honolulu, HI
85%
63 311,527 Saint Paul, MN
85%
10 1,013,240 San Jose, CA
85%
32 564,559 Albuquerque, NM
82%
95 235,684 Boise, ID
82%
16 874,579 Charlotte, NC
82%
68 302,971 Pittsburgh, PA
82%
69 301,578 St. Louis, MO
82%
47 413,066 Tulsa, OK
82%
30 585,708 Baltimore, MD
79%
54 372,624 Cleveland, OH
79%
106 214,133 Des Moines, IA
79%
115 202,591 Little Rock, AR
79%
100 226,610 Richmond, VA
79%
108 211,328 Rochester, NY
79%
35 524,943 Sacramento, CA
79%
168 155,929 Springfield, MA
79%
158 169,176 Springfield, MO
79%
72 291,247 Anchorage, AK
77%
118 200,733 Birmingham, AL
77%
40 478,961 Colorado Springs, CO
77%
23 678,815 El Paso, TX
77%
29 633,045 Louisville, KY
77%
80 269,840 Madison, WI
77%
82 264,165 Reno, NV
77%
127 196,169 Tallahassee, FL
77%
33 542,629 Tucson, AZ
77%
34 542,107 Fresno, CA
74%
45 440,646 Oakland, CA
74%
39 486,051 Omaha, NE
74%
43 459,470 Virginia Beach, VA
74%
73 291,082 Lincoln, NE
72%
138 187,041 Mobile, AL
72%
62 311,549 Newark, NJ
72%
133 190,934 Providence, RI
72%
148 175,535 Salem, OR
72%
85 258,308 St. Petersburg, FL
72%
79 270,871 Toledo, OH
72%
49 397,532 Wichita, KS
72%
136 190,469 Akron, OH
69%
50 394,266 Arlington, TX
69%
179 150,227 Charleston, SC
69%
141 182,760 Fort Lauderdale, FL
69%
83 263,886 Fort Wayne, IN
69%
71 292,449 Jersey City, NJ
69%
61 314,998 Riverside, CA
69%
56 346,824 Anaheim, CA
67%
48 403,455 Bakersfield, CA
67%
135 190,740 Knoxville, TN
67%
185 147,780 Savannah, GA
67%
97 228,989 Spokane, WA
67%
116 202,081 Augusta, GA
64%
37 504,258 Mesa, AZ
64%
184 148,620 Syracuse, NY
64%
59 317,863 Corpus Christi, TX
62%
57 322,570 Lexington, KY
62%
42 466,742 Long Beach, CA
62%
94 238,005 Norfolk, VA
62%
64 310,227 Santa Ana, CA
62%
131 192,517 Sioux Falls, SD
62%
103 219,346 Tacoma, WA
62%
51 386,261 Aurora, CO
59%
144 180,542 Aurora, IL
59%
146 176,654 Eugene, OR
59%
123 198,917 Grand Rapids, MI
59%
70 299,035 Greensboro, NC
59%
119 200,603 Montgomery, AL
59%
91 248,325 Glendale, AZ
56%
126 196,543 Glendale, CA
56%
60 317,610 Henderson, NV
56%
84 262,527 North Las Vegas, NV
56%
102 222,101 San Bernardino, CA
56%
58 320,804 Stockton, CA
56%
134 190,915 Vancouver, WA
56%
113 206,518 Worcester, MA
56%
142 181,099 Chattanooga, TN
54%
90 249,422 Chesapeake, VA
54%
75 283,506 Durham, NC
54%
110 208,501 Fayetteville, NC
54%
105 215,006 Huntsville, AL
54%
86 257,141 Lubbock, TX
54%
137 187,593 Shreveport, LA
54%
89 249,545 Winston–Salem, NC
54%
107 211,569 Yonkers, NY
54%
66 307,670 Irvine, CA
51%
88 255,205 Laredo, TX
51%
190 142,210 McAllen, TX
51%
121 200,393 Amarillo, TX
49%
183 148,654 Bridgeport, CT
49%
78 275,487 Chula Vista, CA
49%
87 256,684 Irving, TX
49%
74 285,494 Plano, TX
49%
200 138,486 Waco, TX
49%
139 186,738 Brownsville, TX
46%
156 169,810 Fort Collins, CO
46%
104 218,464 Modesto, CA
46%
140 186,247 Newport News, VA
46%
149 175,265 Ontario, CA
46%
98 228,673 Santa Clarita, CA
46%
117 202,063 Oxnard, CA
44%
199 138,699 Pasadena, CA
44%
174 151,950 Pasadena, TX
44%
93 241,361 Scottsdale, AZ
44%
143 180,587 Tempe, AZ
44%
163 159,467 Alexandria, VA
41%
77 275,987 Chandler, AZ
41%
164 157,346 Macon, GA
41%
196 139,911 Orange, CA
41%
96 230,504 Fremont, CA
38%
124 198,711 Huntington Beach, CA
38%
182 148,655 Rockford, IL
38%
145 178,127 Santa Rosa, CA
38%
130 194,016 Cape Coral, FL
36%
101 223,109 Hialeah, FL
36%
172 153,067 Hollywood, FL
36%
153 173,516 Lancaster, CA
36%
181 149,540 Naperville, IL
36%
132 190,985 Peoria, AZ
36%
114 204,851 Port St. Lucie, FL
36%
92 246,018 Garland, TX
33%
81 267,918 Gilbert, AZ
33%
152 174,068 Oceanside, CA
33%
125 197,238 Overland Park, KS
33%
159 166,722 Clarksville, TN
31%
197 139,869 Denton, TX
31%
111 208,393 Fontana, CA
31%
178 150,362 Joliet, IL
31%
173 152,769 Murfreesboro, TN
31%
162 159,732 Paterson, NJ
31%
151 174,453 Rancho Cucamonga, CA
31%
150 174,721 Cary, NC
28%
188 143,617 Fullerton, CA
28%
109 208,634 Moreno Valley, CA
28%
175 151,854 Bellevue, WA
26%
147 176,124 Elk Grove, CA
26%
120 200,509 Frisco, TX
26%
167 155,984 Lakewood, CO
26%
176 151,713 Pomona, CA
26%
160 163,542 Salinas, CA
26%
187 147,067 Torrance, CA
26%
165 157,136 Corona, CA
23%
154 171,949 Garden Grove, CA
23%
128 196,100 Grand Prairie, TX
23%
161 162,954 Hayward, CA
23%
171 153,095 Killeen, TX
23%
129 195,308 McKinney, TX
23%
155 171,178 Pembroke Pines, FL
23%
169 155,805 Sunnyvale, CA
23%
157 169,450 Palmdale, CA
21%
189 143,148 Surprise, AZ
21%
191 141,867 Thornton, CO
21%
195 140,230 West Valley City, UT
21%
180 150,108 Mesquite, TX
18%
193 141,290 Olathe, KS
18%
198 139,387 Warren, MI
18%
177 151,038 Escondido, CA
15%
194 141,085 Gainesville, FL
15%
192 141,384 Visalia, CA
15%
186 147,773 Roseville, CA
10%
No matching quizzes found
Score Distribution
Percent of People with Each Score
Percentile by Number Answered
Your Score History
You have not taken this quiz